| 000 | 01072naa a22003017a 4500 | ||
|---|---|---|---|
| 001 | BR5100105 | ||
| 003 | BR-BrBNA | ||
| 005 | 20240918172831.0 | ||
| 007 | ta | ||
| 008 | 230509b bl.||||| |||| 00| 0 por d | ||
| 040 |
_aBR-BrBNA _bpor _cBiblioteca Nacional de Agricultura |
||
| 041 | _a(Pt) | ||
| 072 |
_aL73 _b6100 _b4110 |
||
| 090 | _aL73 BR5100105 | ||
| 100 | 1 | _aGuida, V.O. | |
| 100 | 1 | _aNobrega, P. | |
| 111 | 1 |
_a5. Congresso Brasileiro de Veterinaria _cSao Paulo, SP (Brazil) _d28 Aug 1950 |
|
| 245 | 1 | _aSobre a acao da estreptomicina na espiroquetose aviaria [Gallus domesticus; Antibiotico] | |
| 260 | 3 |
_aSao Paulo, SP (Brasil): _c1951. |
|
| 500 | _aAnais do 5. Cngresso Brasileiro de Veterinaria Sao Paulo, SP (Brasil): 1951. p. 699-700 (BR5100105-AM)L73 | ||
| 650 | _aDoenca animal | ||
| 650 | _aFrango | ||
| 650 | _aEspiroquetose | ||
| 650 | _aEstreptomicina | ||
| 773 | 0 |
_tAnais do 5. Cngresso Brasileiro de Veterinaria _wL73 BR5100105 _gSao Paulo, SP (Brasil), 1951. p. 699-700 |
|
| 909 |
_a202404 _bLucia _c55 _dLucia Elande |
||
| 942 |
_cAM _2AGRIS |
||
| 999 |
_c301645 _d301645 |
||